[Event "Asia-chT (Women) 16th"]
[Site "Guangzhou"]
[Date "2010.11.20"]
[Round "3"]
[White "Hamid, Rani"]
[Black "Ovezova, Maisa"]
[Result "1/2-1/2"]
[WhiteElo "1965"]
[BlackElo "2087"]
[PlyCount "123"]
[EventDate "2010.11.18"]
[EventType "team-swiss"]
[EventRounds "9"]
[EventCountry "CHN"]
[SourceTitle "CBM 139 Extra"]
[Source "ChessBase"]
[SourceDate "2011.01.05"]
[SourceVersion "1"]
[SourceVersionDate "2011.01.05"]
[SourceQuality "1"]
[WhiteTeam "Bangladesh (W)"]
[BlackTeam "Turkmenistan (W)"]
[WhiteTeamCountry "BAN"]
[BlackTeamCountry "TKM"]

1. e4 g6 2. d4 Bg7 3. f4 c6 4. Nc3 d5 5. e5 h5 6. Nf3 Bg4 7. Be2 Bxf3 8. Bxf3 h4 9. Qd3 e6 10. Bd2 Ne7 11. Na4 Nf5 12. Bg4 Nd7 13. Bxf5 gxf5 14. Bb4 Bf8 15. Bxf8 Kxf8 16. 0-0-0 b5 17. Nc3 Qa5 18. Kb1 b4 19. Ne2 c5 20. dxc5 Nxc5 21. Qe3 Rb8 22. Nd4 Rb6 23. Nb3 Nxb3 24. Qxb3 Qb5 25. Qf3 Qc4 26. Rd3 Ra6 27. Rb3 Rc6 28. Rc1 a5 29. a3 Ke7 30. Qf2 bxa3 31. Rxa3 Qc5 32. Qe1 Ra6 33. Rb3 Ra7 34. Rc3 Qd4 35. Rd1 Qxf4 36. Qg1 Rha8 37. Qc5+ Ke8 38. Qd6 Qb4 39. Qc6+ Kf8 40. Rb3 Qe7 41. Rh3 Qc7 42. Qxc7 Rxc7 43. Rxh4 Kg7 44. Rd3 Rg8 45. Ra3 Rc5 46. Rha4 Kf8 47. g3 Rh8 48. Rxa5 Rxa5 49. Rxa5 Rxh2 50. b4 Ke8 51. b5 Kd8 52. Ra7 Rh7 53. Kb2 Rg7 54. b6 Kc8 55. c3 Rxg3 56. Rxf7 Re3 57. Kb3 d4 58. Kb4 dxc3 59. Kb5 c2 60. Rf8+ Kb7 61. Rf7+ Kb8 62. Rf8+ 1/2-1/2

[Event "Olympiad Women-39"]
[Site "Khanty-Mansiysk"]
[Date "2010.09.27"]
[Round "6.19"]
[White "Sihite, Chelsie Monica"]
[Black "Ovezova, Maisa"]
[Result "1-0"]
[WhiteElo "2014"]
[BlackElo "2117"]
[PlyCount "123"]
[EventDate "2010.09.21"]
[EventType "team-swiss"]
[EventRounds "11"]
[EventCountry "RUS"]
[SourceTitle "CBM 139"]
[Source "ChessBase"]
[SourceDate "2010.11.18"]
[SourceVersion "1"]
[SourceVersionDate "2010.11.18"]
[SourceQuality "1"]
[WhiteTeam "Indonesia (W)"]
[BlackTeam "Turkmenistan (W)"]
[WhiteTeamCountry "INA"]
[BlackTeamCountry "TKM"]

1. e4 d6 2. Bc4 Nf6 3. d3 g6 4. Nc3 Bg7 5. f4 e5 6. Nf3 Nc6 7. 0-0 exf4 8. Bxf4 Be6 9. Bb3 Bxb3 10. axb3 Qd7 11. Qd2 h6 12. Kh1 g5 13. Be3 Ng4 14. Bg1 a6 15. h3 Nf6 16. Nd4 Nh5 17. Nf5 Be5 18. Bh2 0-0-0 19. Nd5 Bxh2 20. Kxh2 Qe6 21. Qc3 Qe5+ 22. g3 Kb8 23. Qc4 Kc8 24. Rxa6 Kd7 25. Rxc6 bxc6 26. Nb4 Qc5 27. Qxf7+ Kc8 28. c3 Nxg3 29. Kxg3 h5 30. d4 Qb5 31. Qc4 Qxc4 32. bxc4 Kd7 33. Nd3 Rdg8 34. c5 Rh7 35. cxd6 cxd6 36. e5 dxe5 37. Nxe5+ Kc7 38. Ra1 Kb6 39. b4 Rf8 40. Nc4+ Kb7 41. Ncd6+ Kb8 42. Ra6 Rc7 43. c4 Rf6 44. c5 Re6 45. Rb6+ Ka8 46. h4 Rg6 47. Ra6+ Kb8 48. hxg5 Rxg5+ 49. Kf4 Rg4+ 50. Kf3 Rg8 51. b5 cxb5 52. Rb6+ Ka8 53. Rxb5 Rh7 54. Ra5+ Kb8 55. d5 h4 56. Nd4 Rf8+ 57. Ke3 Rc7 58. Rb5+ Ka8 59. Nc6 Rxc6 60. dxc6 h3 61. c7 h2 62. Ra5# 1-0

[Event "Olympiad Women-39"]
[Site "Khanty-Mansiysk"]
[Date "2010.09.22"]
[Round "2.30"]
[White "Pintor, Ariana Maciel Abran"]
[Black "Ovezova, Maisa"]
[Result "1-0"]
[WhiteElo "2110"]
[BlackElo "2117"]
[PlyCount "169"]
[EventDate "2010.09.21"]
[EventType "team-swiss"]
[EventRounds "11"]
[EventCountry "RUS"]
[SourceTitle "CBM 139"]
[Source "ChessBase"]
[SourceDate "2010.11.18"]
[SourceVersion "1"]
[SourceVersionDate "2010.11.18"]
[SourceQuality "1"]
[WhiteTeam "Portugal (W)"]
[BlackTeam "Turkmenistan (W)"]
[WhiteTeamCountry "POR"]
[BlackTeamCountry "TKM"]

1. e4 d6 2. d4 Nf6 3. Nc3 g6 4. Nf3 Bg7 5. h3 c6 6. Be2 Qc7 7. Bf4 Nbd7 8. 0-0 e5 9. Bh2 0-0 10. Qd2 b5 11. a3 a6 12. Rfd1 Ne8 13. Na2 exd4 14. Rac1 c5 15. c4 Qb6 16. b4 Bb7 17. e5 dxe5 18. cxb5 axb5 19. bxc5 Nxc5 20. Qb4 d3 21. Rxc5 dxe2 22. Re1 Bxf3 23. gxf3 Ra4 24. Qxb5 Qxb5 25. Rxb5 Rxa3 26. Rxe2 Rxf3 27. Kg2 Rf5 28. Nc3 f6 29. Ne4 Nc7 30. Rb7 Ne6 31. Ra2 h5 32. Raa7 Bh8 33. Nd6 Rg5+ 34. Kf3 Nd4+ 35. Ke4 Nc6 36. Ra6 Nd8 37. Rb8 f5+ 38. Kd5 f4 39. Raa8 e4+ 40. Kxe4 Re5+ 41. Kf3 Bf6 42. Bxf4 Bg5 43. Rxd8 Bxd8 44. Rxd8 Rxd8 45. Bxe5 Rf8+ 46. Kg3 h4+ 47. Kg2 Kh7 48. Ne4 Kh6 49. f4 Ra8 50. Kf3 Ra3+ 51. Kg4 Ra4 52. Ng5 Ra2 53. Kxh4 Rg2 54. Nf7+ Kh7 55. Bf6 Kg8 56. Nh6+ Kh7 57. Ng4 Ra2 58. Bd4 Rd2 59. Be5 Rg2 60. Kg5 Rg1 61. Kf6 Rh1 62. Kf7 Rb1 63. Nf6+ Kh6 64. Ne4 Rb7+ 65. Ke6 Rb6+ 66. Bd6 Rb3 67. Nf6 Kg7 68. Ne8+ Kg8 69. h4 Re3+ 70. Be5 Kf8 71. Nf6 Rb3 72. Nd7+ Kg8 73. Kf6 Rb7 74. Nc5 Rb6+ 75. Kg5 Kf7 76. Ne4 Re6 77. Kh6 Kg8 78. Nd6 Kf8 79. Kh7 Ke7 80. Kg7 Kd8 81. Kf8 Kc7 82. Ne4+ Kd8 83. Kf7 Ra6 84. Bf6+ Kd7 85. Nc5+ 1-0

[Event "Olympiad Women-37"]
[Site "Turin"]
[Date "2006.05.27"]
[Round "6"]
[White "Macek, Vlasta"]
[Black "Ovezova, Maisa"]
[Result "1-0"]
[WhiteElo "2243"]
[BlackElo "2137"]
[PlyCount "99"]
[EventDate "2006.05.21"]
[EventType "team-swiss"]
[EventRounds "13"]
[EventCountry "ITA"]
[SourceTitle "CBM 112 Extra"]
[Source "ChessBase"]
[SourceDate "2006.07.14"]
[SourceVersion "1"]
[SourceVersionDate "2006.07.14"]
[SourceQuality "1"]
[WhiteTeam "Croatia (W)"]
[BlackTeam "Turkmenistan (W)"]
[WhiteTeamCountry "CRO"]
[BlackTeamCountry "TKM"]

1. d4 g6 2. Nf3 Bg7 3. c4 Nf6 4. g3 d5 5. Bg2 Nc6 6. cxd5 Nxd5 7. 0-0 Nb6 8. e3 Bg4 9. h3 Bf5 10. Nc3 Qc8 11. Kh2 0-0 12. e4 Bd7 13. d5 Na5 14. Nd4 c6 15. b3 cxd5 16. Nxd5 Nxd5 17. exd5 e5 18. Ne2 e4 19. Rb1 f5 20. Ba3 b6 21. Bxf8 Qxf8 22. Rc1 Qd6 23. Qd2 Bb5 24. Rfd1 Rd8 25. Bf1 Be5 26. Kg1 Nb7 27. Nc3 Bxf1 28. Kxf1 Nc5 29. Qe2 Nd3 30. Rc2 Bxc3 31. Rxc3 Qxd5 32. Qe3 Qb5 33. Kg1 Qe5 34. Rc4 Re8 35. Qd4 Qxd4 36. Rxd4 Re7 37. Kf1 Kf7 38. f3 Kf6 39. fxe4 fxe4 40. Ke2 Ke5 41. Ke3 Kf5 42. Rf1+ Kg5 43. Rxe4 Rxe4+ 44. Kxe4 Nc5+ 45. Kd4 h5 46. b4 Nb7 47. Kd5 a5 48. Kc6 Nd8+ 49. Kd7 Nb7 50. Kc7 1-0

[Event "Asia-ch (Women)"]
[Site "Beirut"]
[Date "2004.12.11"]
[Round "9"]
[White "Navabi, Shirin"]
[Black "Ovezova, Maisa"]
[Result "1-0"]
[WhiteElo "2107"]
[BlackElo "2170"]
[PlyCount "121"]
[EventDate "2004.12.03"]
[EventType "swiss"]
[EventRounds "9"]
[EventCountry "LBN"]
[SourceTitle "CBM 103 Extra"]
[Source "ChessBase"]
[SourceDate "2005.01.01"]
[SourceVersion "1"]
[SourceVersionDate "2005.01.01"]
[SourceQuality "1"]

1. Nf3 Nc6 2. c4 d5 3. cxd5 Qxd5 4. Nc3 Qa5 5. d4 Bg4 6. e3 e6 7. Bb5 a6 8. Bxc6+ bxc6 9. Qa4 Qxa4 10. Nxa4 Bxf3 11. gxf3 Nf6 12. Bd2 Nd5 13. Rc1 Kd7 14. Ke2 Bb4 15. Bxb4 Nxb4 16. Rc4 Rhb8 17. a3 Nd5 18. Rhc1 Ne7 19. R1c2 Kd8 20. Nc5 Rb6 21. Nd3 Ke8 22. Ne5 f6 23. Nxc6 Nxc6 24. Rxc6 Rxc6 25. Rxc6 Kd7 26. Rc5 Kd6 27. b4 c6 28. Ra5 Kc7 29. Kd3 Kb6 30. Kc4 g5 31. e4 Rg8 32. h3 Rg6 33. d5 exd5+ 34. exd5 cxd5+ 35. Rxd5 Rh6 36. Rd6+ Kb7 37. Kc5 Rh5 38. Rd7+ Kc8 39. Kc6 Rh6 40. Rd6 Rxh3 41. Rxf6 Kd8 42. Kb6 Ke7 43. Rc6 Rxf3 44. a4 h5 45. Kxa6 Rxf2 46. b5 h4 47. b6 h3 48. b7 Rb2 49. Rb6 Rxb6+ 50. Kxb6 h2 51. b8Q h1Q 52. Qe5+ Kd7 53. Qg7+ Kd6 54. Qf6+ Kd7 55. Qf5+ Kd6 56. Qc5+ Kd7 57. a5 Qa8 58. Qc7+ Ke6 59. a6 Qf8 60. Qc6+ Ke5 61. a7 1-0

[Event "Asia-ch (Women)"]
[Site "Beirut"]
[Date "2004.12.05"]
[Round "2"]
[White "Ovezova, Maisa"]
[Black "Hou, Yifan"]
[Result "0-1"]
[WhiteElo "2170"]
[BlackElo "2153"]
[PlyCount "266"]
[EventDate "2004.12.03"]
[EventType "swiss"]
[EventRounds "9"]
[EventCountry "LBN"]
[SourceTitle "CBM 103 Extra"]
[Source "ChessBase"]
[SourceDate "2005.01.01"]
[SourceVersion "1"]
[SourceVersionDate "2005.01.01"]
[SourceQuality "1"]

1. d4 Nf6 2. e3 c5 3. c3 e6 4. Bd3 b6 5. Nf3 Bb7 6. Nbd2 Be7 7. 0-0 0-0 8. e4 d6 9. Qc2 cxd4 10. Nxd4 Nbd7 11. Qb1 Rc8 12. Re1 Re8 13. Bc2 Bf8 14. f3 g6 15. Nf1 e5 16. Nb3 d5 17. Ng3 Nc5 18. Kh1 dxe4 19. Nxc5 Bxc5 20. Nxe4 Bxe4 21. Bxe4 Nh5 22. Be3 Bxe3 23. Rxe3 Qd2 24. Rd3 Qf2 25. Rd1 f5 26. Qc2 Qh4 27. Bd5+ Kh8 28. c4 Rc7 29. b3 h6 30. Qb2 Kh7 31. Kg1 Nf6 32. Re1 Nxd5 33. cxd5 Qf4 34. d6 Rd7 35. Rad1 Re6 36. Rd5 Rdxd6 37. Rxd6 Rxd6 38. Qxe5 Qxe5 39. Rxe5 Rd7 40. Kf2 Kg7 41. Ke3 Kf7 42. g4 Kf6 43. Rb5 Re7+ 44. Kf2 Rc7 45. gxf5 gxf5 46. Kg3 Rc2 47. a4 Rc3 48. a5 Rc5 49. Rxc5 bxc5 50. Kf4 a6 51. Ke3 Ke5 52. f4+ Kd6 53. Kd3 Kd5 54. h3 Kd6 55. Kc3 Kc7 56. Kd3 Kd7 57. Kc3 Kd6 58. Kd3 Kd5 59. Kc3 Ke4 60. Kc4 Kxf4 61. Kxc5 Kg3 62. b4 f4 63. b5 axb5 64. a6 f3 65. a7 f2 66. a8Q f1Q 67. Qg8+ Kxh3 68. Qe6+ Kg3 69. Qxh6 Qc4+ 70. Kb6 b4 71. Qe3+ Kg4 72. Qg1+ Kf5 73. Qf2+ Ke5 74. Qe1+ Kd5 75. Qh1+ Kd4 76. Qg1+ Kc3 77. Qc1+ Kb3 78. Qb1+ Ka3 79. Qa1+ Qa2 80. Qc1+ Qb2 81. Qc5 Qc3 82. Qe7 Qd4+ 83. Ka5 Qd5+ 84. Kb6 Qd2 85. Kb5 Qd3+ 86. Ka5 Qf5+ 87. Kb6 Qd5 88. Qa7+ Kb3 89. Qh7 Qd4+ 90. Kb5 Qc4+ 91. Kb6 Kc3 92. Qh3+ Kb2 93. Qg2+ Qc2 94. Qg7+ Ka2 95. Qa7+ Kb1 96. Kb5 b3 97. Qg1+ Qc1 98. Qg6+ Ka2 99. Qa6+ Qa3 100. Qe6 Qa7 101. Qd5 Qb8+ 102. Ka5 Qc7+ 103. Kb4 Qc2 104. Ka4 Qc3 105. Qf7 Qd4+ 106. Kb5 Kb2 107. Qg8 Kc2 108. Qg2+ Qd2 109. Qc6+ Qc3 110. Qg2+ Kb1 111. Qg1+ Qc1 112. Qg6+ Qc2 113. Qg1+ Kb2 114. Kb4 Qc3+ 115. Kb5 Kc2 116. Qf2+ Qd2 117. Qc5+ Kb2 118. Ka4 Qd7+ 119. Kb4 Qb7+ 120. Kc4 Qa6+ 121. Kd4 Qf6+ 122. Kd3 Qf3+ 123. Kd2 Qg2+ 124. Ke1 Qc2 125. Qa7 Kb1 126. Qa5 b2 127. Qa3 Qc1+ 128. Ke2 Qc4+ 129. Kd1 Qd4+ 130. Ke1 Kc2 131. Qa2 Qe3+ 132. Kf1 Qd3+ 133. Ke1 Kc1 0-1

[Event "Asia-chT fin 03rd (Women)"]
[Site "Jodhpur"]
[Date "2003.04.08"]
[Round "1"]
[White "Ovezova, Maisa"]
[Black "Vijayalakshmi, Subbaraman"]
[Result "0-1"]
[WhiteElo "2205"]
[BlackElo "2414"]
[PlyCount "52"]
[EventDate "2003.04.08"]
[EventType "team"]
[EventRounds "9"]
[EventCountry "IND"]
[SourceTitle "CBM 093 Extra"]
[Source "ChessBase"]
[SourceDate "2003.05.09"]
[SourceVersion "1"]
[SourceVersionDate "2003.05.09"]
[SourceQuality "1"]
[WhiteTeam "Turkmenistan (W)"]
[BlackTeam "India (W)"]
[WhiteTeamCountry "TKM"]
[BlackTeamCountry "IND"]

1. c4 c5 2. Nc3 Nf6 3. g3 Nc6 4. Bg2 e6 5. e3 d5 6. cxd5 Nxd5 7. Nge2 Be7 8. 0-0 0-0 9. d4 cxd4 10. Nxd5 exd5 11. Nxd4 Bf6 12. Nxc6 bxc6 13. Qc2 Qb6 14. Rb1 Bg4 15. Bd2 Qa6 16. f3 Bh5 17. b3 Bg6 18. e4 dxe4 19. fxe4 Rad8 20. Rxf6 gxf6 21. Bh6 Rfe8 22. Rf1 Qb6+ 23. Kh1 Qd4 24. Rf4 Qd1+ 25. Qxd1 Rxd1+ 26. Bf1 Rxe4 0-1

[Event "Olympiad Women-35"]
[Site "Bled"]
[Date "2002.11.08"]
[Round "13.2"]
[White "Ovezova, Maisa"]
[Black "Blanco Acevedo, Maria Carolina"]
[Result "1-0"]
[WhiteElo "2214"]
[BlackElo "2172"]
[PlyCount "71"]
[EventDate "2002.10.26"]
[EventType "team-swiss"]
[EventRounds "14"]
[EventCountry "SLO"]
[SourceTitle "EXT 2003"]
[Source "ChessBase"]
[SourceDate "2002.11.25"]
[SourceVersion "1"]
[SourceVersionDate "2002.11.25"]
[SourceQuality "1"]
[WhiteTeam "Turkmenistan (W)"]
[BlackTeam "Venezuela (W)"]
[WhiteTeamCountry "TKM"]
[BlackTeamCountry "VEN"]

1. d4 d5 2. e3 e6 3. Bd3 Bd6 4. Nd2 f5 5. Qh5+ g6 6. Qh3 e5 7. dxe5 Bxe5 8. f4 Bf6 9. Ngf3 Qe7 10. Kf2 Nc6 11. c3 Qg7 12. Nb3 h5 13. Nfd4 Nh6 14. Re1 Bd7 15. Nc5 Ng4+ 16. Kg1 Qe7 17. Nxd7 Qxd7 18. a4 0-0-0 19. Bb5 Qd6 20. Nxc6 bxc6 21. Ba6+ Kb8 22. Ra3 Ka8 23. Rb3 Rb8 24. Rxb8+ Rxb8 25. Qf3 Rb6 26. Bd3 Qc5 27. h3 Nh6 28. Qg3 Bxc3 29. bxc3 Qxc3 30. Rd1 Qb3 31. Be2 c5 32. a5 Rd6 33. Qe1 c4 34. Qd2 c3 35. Qd4 Ng8 36. Qg7 1-0

[Event "Olympiad Women-35"]
[Site "Bled"]
[Date "2002.11.02"]
[Round "8.2"]
[White "Ovezova, Maisa"]
[Black "Andersson, Christin"]
[Result "1-0"]
[WhiteElo "2214"]
[BlackElo "2120"]
[PlyCount "49"]
[EventDate "2002.10.26"]
[EventType "team-swiss"]
[EventRounds "14"]
[EventCountry "SLO"]
[SourceTitle "EXT 2003"]
[Source "ChessBase"]
[SourceDate "2002.11.25"]
[SourceVersion "1"]
[SourceVersionDate "2002.11.25"]
[SourceQuality "1"]
[WhiteTeam "Turkmenistan (W)"]
[BlackTeam "Sweden (W)"]
[WhiteTeamCountry "TKM"]
[BlackTeamCountry "SWE"]

1. c4 Nf6 2. Nc3 d5 3. d4 c6 4. cxd5 cxd5 5. Bf4 Bf5 6. Qb3 e6 7. Qxb7 Nbd7 8. e3 Be7 9. Bc7 Qc8 10. Ba6 0-0 11. Qxc8 Raxc8 12. Bxc8 Rxc8 13. Ba5 Rb8 14. b3 Ba3 15. Rd1 e5 16. Nge2 exd4 17. Nxd4 Bg6 18. 0-0 Rc8 19. Ndb5 Bf8 20. Nxd5 Rc5 21. Nxf6+ Nxf6 22. a4 Be4 23. Rd8 Nd5 24. f3 Bd3 25. Rd1 1-0

[Event "Olympiad Women-35"]
[Site "Bled"]
[Date "2002.10.27"]
[Round "2.2"]
[White "Nguyen, Thi Thanh An"]
[Black "Ovezova, Maisa"]
[Result "1-0"]
[WhiteElo "2316"]
[BlackElo "2214"]
[PlyCount "97"]
[EventDate "2002.10.26"]
[EventType "team-swiss"]
[EventRounds "14"]
[EventCountry "SLO"]
[SourceTitle "EXT 2003"]
[Source "ChessBase"]
[SourceDate "2002.11.25"]
[SourceVersion "1"]
[SourceVersionDate "2002.11.25"]
[SourceQuality "1"]
[WhiteTeam "Vietnam (W)"]
[BlackTeam "Turkmenistan (W)"]
[WhiteTeamCountry "VIE"]
[BlackTeamCountry "TKM"]

1. d4 d5 2. c4 c6 3. Nf3 Bf5 4. Nc3 e6 5. g3 h6 6. Bg2 Nf6 7. 0-0 Nbd7 8. Re1 Be7 9. Nd2 0-0 10. b3 Qa5 11. Bb2 Ba3 12. Qc1 Bxb2 13. Qxb2 Rad8 14. Rad1 Rfe8 15. e4 dxe4 16. Ndxe4 Nxe4 17. Bxe4 Bh3 18. c5 Nf6 19. b4 Qc7 20. f3 Re7 21. Qf2 h5 22. a3 Red7 23. Bc2 Bf5 24. Bb3 Kf8 25. Kg2 b5 26. h3 Bg6 27. Re5 Ke7 28. Qe3 Kf8 29. g4 a6 30. g5 Ng8 31. Ne2 Ne7 32. Nf4 Bf5 33. h4 Ng6 34. Nxg6+ Bxg6 35. Rd2 Bf5 36. f4 Re7 37. Qf2 Qd7 38. Bd1 g6 39. Bf3 Qc7 40. Kg3 Red7 41. Re1 Kg7 42. Ra1 Rc8 43. a4 Qb7 44. Qe3 Qb8 45. Qc3 Kg8 46. axb5 axb5 47. Ra6 Rdc7 48. Rda2 Qb7 49. Rb6 1-0

[Event "Asia-ch U20 Girls"]
[Site "Tehran"]
[Date "2001.07.18"]
[Round "9"]
[White "Aketayeva, Dana"]
[Black "Ovezova, Maisa"]
[Result "0-1"]
[WhiteElo "2078"]
[BlackElo "2200"]
[PlyCount "65"]
[EventDate "2001.07.14"]
[EventType "swiss"]
[EventRounds "11"]
[EventCountry "IRI"]
[SourceTitle "EXT 2002"]
[Source "ChessBase"]
[SourceDate "2001.11.25"]
[SourceVersion "1"]
[SourceVersionDate "2001.11.25"]
[SourceQuality "1"]

1. e4 c6 2. d4 d5 3. Nd2 dxe4 4. Nxe4 Nf6 5. Nxf6+ exf6 6. Nf3 Be7 7. Be2 Bg4 8. c4 Na6 9. 0-0 0-0 10. Be3 Bd6 11. Qd2 Qb8 12. h3 Bh5 13. Qa5 Bxf3 14. Bxf3 Qc8 15. d5 c5 16. Qd2 Qf5 17. a3 Nb8 18. b4 Na6 19. Rfc1 Rad8 20. Rab1 b6 21. Qd1 Qd7 22. Bd2 Bb8 23. Qc2 Rfe8 24. Bg4 Qb7 25. Be3 Qc7 26. g3 Rxe3 27. fxe3 Qxg3+ 28. Qg2 Qxe3+ 29. Qf2 Qg5 30. Kh1 cxb4 31. axb4 Nxb4 32. Rg1 Nxd5 33. Qe2 0-1

[Event "Asia-ch U20 Girls"]
[Site "Tehran"]
[Date "2001.07.16"]
[Round "6"]
[White "Ghader Pour, Shayesteh"]
[Black "Ovezova, Maisa"]
[Result "0-1"]
[WhiteElo "2065"]
[BlackElo "2200"]
[PlyCount "95"]
[EventDate "2001.07.14"]
[EventType "swiss"]
[EventRounds "11"]
[EventCountry "IRI"]
[SourceTitle "EXT 2002"]
[Source "ChessBase"]
[SourceDate "2001.11.25"]
[SourceVersion "1"]
[SourceVersionDate "2001.11.25"]
[SourceQuality "1"]

1. e4 e5 2. Nf3 Nf6 3. d4 Nxe4 4. Bd3 d5 5. Nxe5 Nf6 6. 0-0 Be7 7. c4 Nc6 8. cxd5 Nxe5 9. dxe5 Nxd5 10. Qe2 c6 11. f4 Qb6+ 12. Kh1 g6 13. Nc3 Be6 14. Nxd5 Bxd5 15. Be3 Bc5 16. Bxc5 Qxc5 17. Qg4 h5 18. Qh3 Kd8 19. Rac1 Qe7 20. Rfd1 Qe6 21. f5 gxf5 22. Bxf5 Qxe5 23. Re1 Qd6 24. Qh4+ f6 25. Be6 Kc7 26. Bxd5 Qxd5 27. Re7+ Kb6 28. Qb4+ Qb5 29. Qd4+ Ka6 30. Re3 b6 31. Ra3+ Kb7 32. Qd7+ Kb8 33. Rd3 Rc8 34. b3 Rc7 35. Qd6 Kb7 36. a4 Qe5 37. Qb4 a5 38. Qc4 Re8 39. h3 Qe6 40. Qc3 Rg8 41. Re1 Qf5 42. Rd6 Qg5 43. Re2 f5 44. Rc2 Rg6 45. Rd4 f4 46. b4 Qe5 47. bxa5 f3 48. axb6 0-1

[Event "Asia-ch U20 Girls"]
[Site "Tehran"]
[Date "2001.07.14"]
[Round "2"]
[White "Ovezova, Maisa"]
[Black "Kasturi, M."]
[Result "1/2-1/2"]
[WhiteElo "2200"]
[BlackElo "2115"]
[PlyCount "97"]
[EventDate "2001.07.14"]
[EventType "swiss"]
[EventRounds "11"]
[EventCountry "IRI"]
[SourceTitle "EXT 2002"]
[Source "ChessBase"]
[SourceDate "2001.11.25"]
[SourceVersion "1"]
[SourceVersionDate "2001.11.25"]
[SourceQuality "1"]

1. d4 d6 2. Nf3 Nf6 3. Bg5 Nbd7 4. e3 g6 5. Nbd2 Bg7 6. c3 0-0 7. Bd3 c6 8. Qc2 Qc7 9. 0-0 e5 10. Rad1 Re8 11. dxe5 dxe5 12. e4 Nc5 13. Be2 Ne6 14. Bc4 h6 15. Be3 Nf4 16. Bxf4 exf4 17. Nd4 Ng4 18. N2f3 Ne5 19. Nxe5 Bxe5 20. Nf3 Bg4 21. Be2 Bg7 22. h3 Be6 23. Nd4 Bf6 24. Nxe6 Rxe6 25. Bc4 Re5 26. f3 Rd8 27. Rxd8+ Qxd8 28. Rd1 Qb6+ 29. Qf2 Qxf2+ 30. Kxf2 Kf8 31. Rd7 Re7 32. Rd8+ Re8 33. Rxe8+ Kxe8 34. Ke2 Be5 35. a4 Ke7 36. Kd3 f6 37. Bg8 Kd6 38. Bh7 g5 39. Kc4 Kc7 40. Bf5 Kb6 41. b4 Kc7 42. Kb3 Kd6 43. Bc8 Kc7 44. Be6 Kd6 45. Bc4 h5 46. Bf7 h4 47. c4 b6 48. Be8 c5 49. b5 1/2-1/2

[Event "Olympiad Women-34"]
[Site "Istanbul"]
[Date "2000.11.05"]
[Round "8.3"]
[White "Ovezova, Maisa"]
[Black "Mamedjarova, Zeinab"]
[Result "0-1"]
[WhiteElo "2174"]
[BlackElo "2173"]
[PlyCount "144"]
[EventDate "2000.10.28"]
[EventType "team-swiss"]
[EventRounds "14"]
[EventCountry "TUR"]
[SourceTitle "EXT 2001"]
[Source "ChessBase"]
[SourceDate "2000.11.22"]
[SourceVersion "1"]
[SourceVersionDate "2000.11.22"]
[SourceQuality "1"]
[WhiteTeam "Turkmenistan (W)"]
[BlackTeam "Azerbaijan (W)"]
[WhiteTeamCountry "TKM"]
[BlackTeamCountry "AZE"]

1. d4 d6 2. e4 g6 3. Nf3 Bg7 4. Nc3 Nf6 5. Be2 0-0 6. h3 e5 7. dxe5 dxe5 8. Bg5 Nbd7 9. Qc1 c6 10. 0-0 Qc7 11. Bh6 Nc5 12. Bxg7 Kxg7 13. Qe3 Ne6 14. Rfd1 Nd7 15. Bf1 f6 16. Ne2 Qb6 17. Qxb6 axb6 18. Nd2 Nec5 19. Ng3 b5 20. h4 Nb6 21. Be2 Be6 22. a3 Nba4 23. Rdb1 Rfd8 24. Ngf1 Rd4 25. c3 Rd6 26. Bd1 Rad8 27. b4 Nd7 28. Bxa4 bxa4 29. c4 Rd4 30. c5 Nb8 31. Rb2 Na6 32. Re1 Nc7 33. Re3 Nb5 34. Kh2 Rd3 35. Nb1 Rxe3 36. Nxe3 Rd3 37. Nc2 Rb3 38. Rxb3 Bxb3 39. Na1 Ba2 40. Nd2 Nxa3 41. Kg3 Kf7 42. Kf3 Ke7 43. Ke3 Kd7 44. Kd3 Be6 45. g3 h6 46. f4 exf4 47. gxf4 g5 48. hxg5 hxg5 49. f5 Bg8 50. e5 fxe5 51. Ne4 Ba2 52. Nxg5 Bb1+ 53. Kd2 Bxf5 54. Nf7 Nc4+ 55. Kc3 Ke7 56. Ng5 Ne3 57. Nf3 Ke6 58. Kb2 Kd5 59. Ne1 Kc4 60. Ka3 Be4 61. Kxa4 Kc3 62. Nb3 Nc2 63. Na5 Nxe1 64. Nxb7 Bc2+ 65. Ka5 Nd3 66. b5 cxb5 67. c6 Nb4 68. c7 Nc6+ 69. Kxb5 Ne7 70. Nc5 Bf5 71. Na4+ Kd4 72. Nb2 Bc2 0-1

[Event "Olympiad Women-33"]
[Site "Elista"]
[Date "1998.10.03"]
[Round "5"]
[White "Voiska, Margarita"]
[Black "Ovezova, Maisa"]
[Result "1-0"]
[WhiteElo "2350"]
[BlackElo "2235"]
[PlyCount "95"]
[EventDate "1998.09.29"]
[EventType "team-swiss"]
[EventRounds "13"]
[EventCountry "RUS"]
[SourceTitle "CBM 066 Extra"]
[Source "ChessBase"]
[SourceDate "1998.11.06"]
[SourceVersion "1"]
[SourceVersionDate "1998.11.06"]
[SourceQuality "1"]

1. c4 g6 2. Nc3 Bg7 3. g3 e6 4. Bg2 Ne7 5. Nf3 Nbc6 6. d4 d5 7. 0-0 0-0 8. e3 Rb8 9. Qe2 b6 10. cxd5 Nxd5 11. Bd2 Ncb4 12. Nxd5 Ba6 13. Ne7+ Kh8 14. Qe1 Nd3 15. Nxg6+ fxg6 16. Qb1 e5 17. Bc3 Qe8 18. dxe5 Nxe5 19. Bxe5 Bxe5 20. Rc1 Rd8 21. Nxe5 Qxe5 22. Qc2 Rd7 23. Rd1 Rdf7 24. Rd2 c5 25. Rad1 Bb5 26. Rd8 Be8 27. R1d2 Kg7 28. Qc3 Qxc3 29. bxc3 Bb5 30. f4 Rxd8 31. Rxd8 Kf6 32. Bd5 Rd7 33. Rxd7 Bxd7 34. e4 a5 35. c4 h5 36. Kf2 Bh3 37. a3 Ke7 38. e5 Kd7 39. Be4 Be6 40. Bd3 Bf7 41. Ke3 Ke6 42. h3 Be8 43. g4 h4 44. Be4 Ke7 45. f5 g5 46. Bd5 Ba4 47. f6+ Ke8 48. e6 1-0

[Event "Olympiad Women-33"]
[Site "Elista"]
[Date "1998.10.02"]
[Round "4"]
[White "Ovezova, Maisa"]
[Black "Arribas Robaina, Maritza"]
[Result "0-1"]
[WhiteElo "2235"]
[BlackElo "2270"]
[PlyCount "126"]
[EventDate "1998.09.29"]
[EventType "team-swiss"]
[EventRounds "13"]
[EventCountry "RUS"]
[SourceTitle "CBM 066 Extra"]
[Source "ChessBase"]
[SourceDate "1998.11.06"]
[SourceVersion "1"]
[SourceVersionDate "1998.11.06"]
[SourceQuality "1"]

1. d4 Nf6 2. e3 d6 3. Nf3 Bg4 4. Be2 Nbd7 5. c4 c6 6. Nc3 e5 7. Qc2 Be7 8. b3 0-0 9. 0-0 Re8 10. Bb2 Qc7 11. Rac1 Nf8 12. Rfd1 Ng6 13. h3 Bxf3 14. Bxf3 Rad8 15. d5 c5 16. Ne4 Nxe4 17. Bxe4 Nf8 18. Rf1 g6 19. g4 Bf6 20. f4 Qe7 21. Rf3 exf4 22. Bxf6 Qxf6 23. Rxf4 Qe5 24. Bg2 Qxe3+ 25. Rf2 Re5 26. Rcf1 Rde8 27. Kh1 R8e7 28. Qb2 Qd3 29. Qd2 Qxd2 30. Rxd2 Re1 31. Kh2 Rxf1 32. Bxf1 Nd7 33. Kg3 Kg7 34. Rb2 Re3+ 35. Kf4 Rc3 36. Re2 h6 37. h4 Kf8 38. Rb2 Ne5 39. Rf2 Kg7 40. g5 a5 41. Ke4 Rg3 42. gxh6+ Kxh6 43. Rf6 Re3+ 44. Kxe3 Ng4+ 45. Kf4 Nxf6 46. Be2 Nh5+ 47. Kg4 f5+ 48. Kf3 g5 49. hxg5+ Kxg5 50. Bd1 Nf4 51. Bc2 Ng6 52. Ke3 Kg4 53. a3 Ne5 54. Bd1+ Kg3 55. Be2 Ng4+ 56. Kd3 Nf2+ 57. Kc3 f4 58. b4 axb4+ 59. axb4 b6 60. b5 f3 61. Bf1 Ng4 62. Kd2 Nh2 63. Bd3 f2 0-1